000 01011nam a2200253 a 4500
001 000024717
005 20200930023328.0
008 110202s1975 mx a r 001 0 spa d
040 _aDO-SdBNP
_bspa
_cBNPHU
041 1 7 _aspa
_heng
_2Código de idiomas MARC
082 _ann*
_bnn*
110 1 _aUniversity of Wisconsin.
_950709
240 1 0 _aMain in the living environment.
_lEspañol
245 1 0 _aEl hombre en el medio ambiente vivo /
_cTraducción de Patricia Moreno C. Barcelo ; prólogo de Arthur D. Hasler.
260 _aMéxico, D. F. :
_bContinental ;
_bCentro Regional de Ayuda Técnica. Agencia para el Desarrollo Internacional,
_c1975.
300 _a271 p. :
_bil. ;
_c23 cm.
534 _aTítulo original :
_tMain in the living environment
500 _a"Patrocinado por el Instituto de Ecología".
504 _aBibliografía : 256-261 p.
500 _aIncluye índice.
700 1 _aHasler, Arthur D.,
_epról.
_950710
700 1 _aMoreno C. Barcelo, Patricia,
_etr.
_950711
049 _aBNGR
999 _c24210
_d24210